AN INTRODUCTION TO CRYPTORGRAPHY (Record no. 585599)
[ view plain ]
| 000 -LEADER | |
|---|---|
| fixed length control field | 00351nam a22001337a 4500 |
| 020 ## - INTERNATIONAL STANDARD BOOK NUMBER | |
| International Standard Book Number | 0-89838-271-8 |
| 082 ## - DEWEY DECIMAL CLASSIFICATION NUMBER | |
| Classification number | 652.8 TIL'I |
| 100 ## - MAIN ENTRY--PERSONAL NAME | |
| Personal name | TILBORG, HENK C. A. VAN |
| 9 (RLIN) | 80706 |
| 245 ## - TITLE STATEMENT | |
| Title | AN INTRODUCTION TO CRYPTORGRAPHY |
| 260 ## - PUBLICATION, DISTRIBUTION, ETC. | |
| Place of publication, distribution, etc. | BOSTON |
| Name of publisher, distributor, etc. | KLUWER |
| Date of publication, distribution, etc. | 1988 |
| 300 ## - PHYSICAL DESCRIPTION | |
| Extent | 170P |
| 650 ## - SUBJECT ADDED ENTRY--TOPICAL TERM | |
| Topical term or geographic name entry element | CRYPTOLOGY CRYPTOGRAPHY DATA PROCESSING |
| 9 (RLIN) | 80707 |
| 942 ## - ADDED ENTRY ELEMENTS (KOHA) | |
| Koha item type | Book |
| Withdrawn status | Lost status | Damaged status | Not for loan | Permanent Location | Current Location | Shelving location | Date acquired | Total Checkouts | Full call number | Barcode | Date last seen | Price effective from | Koha item type |
|---|---|---|---|---|---|---|---|---|---|---|---|---|---|
| College of Electrical & Mechanical Engineering (CEME) | College of Electrical & Mechanical Engineering (CEME) | General Stacks | 07/10/2017 | 652.8 TIL'I | CEME-24416 | 06/28/2021 | 06/28/2021 | Book |
